Word Ladder: Oscar Sweep Quiz Stats

 Plays Quiz Updated Oct 19, 2016

Challenge
Share
Tweet
Embed
Score 0/24 Timer 04:00
0 Plays Today
Hint Answer % Correct
Scottish garmentsKILTS
93.2%
Potter or BelafonteHARRY
91.4%
Some campus houses, for shortFRATS
84.7%
Buffalo teamBILLS
84.5%
Shorthand metric measurments, often associated with illegal drugs (in the U.S.)KILOS
84.1%
Brian De Palma film '_____ Fatale'FEMME
83.7%
AccomplishmentsFEATS
82.6%
Drescher and LebowitzFRANS
82.3%
RushHURRY
82.1%
Famed English Poet JohnKEATS
80%
Pre-Roman Britain inhabitants (variant spelling)KELTS
78.2%
✪ Capra, director of 'It Happened One Night', first of only three films to sweep the top five Oscar categories ✪FRANK
77%
Hint Answer % Correct
'Pollyanna' actress HayleyMILLS
73%
Comedian ShandlingGARRY
70.7%
Joel or ZaneBILLY
70.2%
✪ Foreman, director of 'One Flew Over the Cuckoo's Nest', second film to sweep the top five Oscar categories ✪MILOS
68.7%
AntagonizerBULLY
65.3%
Boxer Cooney or singer RaffertyGERRY
56.9%
Full of bacterium, slangishlyGERMY
55.9%
Glittering, as with precious stonesGEMMY
45.9%
Name of Oscar-style award given in the intimate apparel industryFEMMY
44.3%
1st part of the title of a David Rabe play and filmHURLY
42.3%
2nd part of the title of a David Rabe play and filmBURLY
42.2%
✪ Jonathan, director of 'The Silence of the Lambs', last film to sweep the top five Oscar categories ✪DEMME
38.2%

Today's Daily Dose

You're not logged in!

Compare scores with friends on all Sporcle quizzes.
OR
Log In

You Might Also Like...

Show Comments

Extras

Top Quizzes Today


Score Distribution

Your Account Isn't Verified!

In order to create a playlist on Sporcle, you need to verify the email address you used during registration. Go to your Sporcle Settings to finish the process.

Report this User

Report this user for behavior that violates our Community Guidelines.

Details: